[Event "WCh Women 2018"]
[Site "Khanty-Mansiysk RUS"]
[Date "2018.11.22"]
[Round "6.4"]
[White "Lagno, Kateryna"]
[Black "Ju, Wenjun"]
[Result "0-1"]
[WhiteTitle "GM"]
[BlackTitle "GM"]
[WhiteElo "2556"]
[BlackElo "2568"]
[WhiteFideId "14109336"]
[BlackFideId "8603006"]
[EventDate "2018.11.03"]

1. e4 c5 2. Nf3 Nc6 3. Bb5 g6 4. O-O Bg7 5. Re1 e5 6. a3 Nge7 7. Nc3 O-O 8. Bc4
d6 9. d3 h6 10. Nd5 Kh7 11. c3 f5 12. exf5 gxf5 13. b4 Ng6 14. b5 Na5 15. Ba2
Be6 16. Qa4 b6 17. Bd2 Rg8 18. Rad1 Qd7 19. Nh4 Bh8 20. Nxg6 Rxg6 21. Qh4 Rag8
22. g3 Qf7 23. c4 Bf6 24. Nxf6+ Rxf6 25. f4 Rg4 26. Qh3 Rfg6 27. Rf1 Qg7 28. Kh1
Bc8 29. Qh5 Bb7+ 30. Kg1 Rxg3+ 31. hxg3 Rxg3+ 32. Kf2 Rg2+ 0-1

[Event "WCh Women 2018"]
[Site "Khanty-Mansiysk RUS"]
[Date "2018.11.23"]
[Round "6.6"]
[White "Lagno, Kateryna"]
[Black "Ju, Wenjun"]
[Result "1/2-1/2"]
[WhiteTitle "GM"]
[BlackTitle "GM"]
[WhiteElo "2556"]
[BlackElo "2568"]
[WhiteFideId "14109336"]
[BlackFideId "8603006"]
[EventDate "2018.11.03"]

1. Nf3 d5 2. g3 Nf6 3. Bg2 c5 4. O-O Nc6 5. d4 e6 6. c4 dxc4 7. dxc5 Qxd1 8.
Rxd1 Bxc5 9. Nbd2 c3 10. bxc3 O-O 11. Nb3 Be7 12. c4 Bd7 13. Bb2 Rfd8 14. Nfd4
Rac8 15. Nb5 b6 16. Nd6 Bxd6 17. Rxd6 Be8 18. Rd3 Nb4 19. Rxd8 Rxd8 20. Bc3 a5
21. Nd2 Bc6 22. a3 Bxg2 23. axb4 axb4 24. Bxb4 Bb7 25. f3 Ra8 26. Rxa8+ Bxa8 27.
Kf2 Nd7 28. Ke3 f6 29. Ne4 Kf7 30. Nd6+ Ke7 31. Nc8+ Kd8 32. Nxb6 Nxb6 33. Ba5
Kc7 34. c5 Kc6 35. Bxb6 Kd7 36. g4 e5 37. f4 exf4+ 38. Kxf4 Ke6 39. h4 g6 40. g5
f5 41. Bc7 Bb7 42. Bd6 Bc6 43. Kg3 Bb7 44. h5 Ba6 45. hxg6 hxg6 46. Kf3 Bb7+ 47.
Ke3 Bc6 48. Kd4 Bb7 49. Kc3 Bc6 50. Kb4 Kd7 51. Ka5 Bd5 1/2-1/2

[Event "WCh Women 2018"]
[Site "Khanty-Mansiysk RUS"]
[Date "2018.11.23"]
[Round "6.7"]
[White "Lagno, Kateryna"]
[Black "Ju, Wenjun"]
[Result "0-1"]
[WhiteTitle "GM"]
[BlackTitle "GM"]
[WhiteElo "2556"]
[BlackElo "2568"]
[WhiteFideId "14109336"]
[BlackFideId "8603006"]
[EventDate "2018.11.03"]

1. Nf3 d5 2. g3 Nf6 3. Bg2 c5 4. O-O Nc6 5. d3 g6 6. Nc3 Bg7 7. e4 dxe4 8. dxe4
Bg4 9. Be3 Nd7 10. h3 Bxf3 11. Bxf3 O-O 12. Bg2 Nb6 13. Bxc5 Nc4 14. Nd5 Nxb2
15. Nxe7+ Nxe7 16. Qxd8 Rfxd8 17. Bxe7 Rd2 18. Rac1 Rc8 19. Bg5 Rdxc2 20. Rxc2
Rxc2 21. Rc1 Rxc1+ 22. Bxc1 Bd4 23. Bf1 Nd1 24. Kg2 Nxf2 25. Kf3 Nd1 26. Bc4 Nc3
27. Bd2 Na4 28. Bd5 b6 29. Bf4 Nc3 30. Bb3 Kg7 31. e5 a5 32. e6 fxe6 33. Bxe6 b5
34. Bc7 Kf6 35. Bd7 a4 36. Ba5 Nxa2 37. Bxb5 a3 38. Ke4 Bb2 39. Bc4 Nc1 40. Bd2
a2 41. Bxa2 Nxa2 42. Kd3 Bc1 43. Ba5 Ba3 44. Kc2 Bb4 45. Bd8+ Be7 46. Ba5 Nb4+
47. Kd2 Bd6 48. g4 Nc6 49. Bb6 Ke5 0-1

[Event "WCh Women 2018"]
[Site "Khanty-Mansiysk RUS"]
[Date "2018.11.23"]
[Round "6.8"]
[White "Ju, Wenjun"]
[Black "Lagno, Kateryna"]
[Result "1-0"]
[WhiteTitle "GM"]
[BlackTitle "GM"]
[WhiteElo "2568"]
[BlackElo "2556"]
[WhiteFideId "8603006"]
[BlackFideId "14109336"]
[EventDate "2018.11.03"]

1. d4 d6 2. Nf3 g6 3. e4 Bg7 4. Bc4 e6 5. O-O Ne7 6. a4 O-O 7. c3 Nd7 8. a5 Rb8
9. Qe2 b6 10. axb6 axb6 11. Bf4 Bb7 12. Nbd2 h6 13. h4 Nf6 14. Bg3 d5 15. exd5
Nfxd5 16. Be5 Nf5 17. Bxg7 Kxg7 18. g3 Nf6 19. Ba6 Ba8 20. Bd3 Nd6 21. Rfd1 Nd7
22. Ne4 Nf5 23. Ned2 g5 24. hxg5 hxg5 25. Be4 Qf6 26. Bxa8 Rxa8 27. Rxa8 Rxa8
28. Kg2 Rh8 29. Rh1 Rxh1 30. Kxh1 Nd6 31. Ne5 Qh6+ 32. Kg2 Nf6 33. Ndf3 Nfe4 34.
Nh2 Qg6 35. Nxg6 1-0